| 000 | 00497nam a2200169Ia 4500 | ||
|---|---|---|---|
| 008 | 220204s9999 xx 000 0 und d | ||
| 082 |
_a577.1+577.2 _bHIN |
||
| 100 | _aDORBROTA, Miloslav | ||
| 245 | 0 | _aDensity gradient centrifugation | |
| 260 |
_aAmsterdam _bElsevier _c1976 |
||
| 490 | _aLaboratory techniques in biochemistry and molecular biology | ||
| 650 | _aCentrifugal seperation | ||
| 650 | _aCentrifugation | ||
| 650 | _aDensity gradient | ||
| 700 | _aHINTON, Richard | ||
| 942 | _cBK | ||
| 999 |
_c39357 _d39357 |
||